00437nam a2200193Ia 4500008004100000020001800041050001400059100001300073245002200086245001300108260001500121260001600136260000900152300001500161300002700176300001000203440002200213500000800235170918s9999 xx 000 0 und d a9780590819190 bR888 1997 aRoy, Ron 4aThe bald bandit / cRon Roy. aNew York : bScholastic, c1997 a70 pages : bcolored illustration ; c19cm. aA to Z mysteries. a470